Bull a bankové karty
Bull a technológia CP8. Rôzne typy bankových kariet. Bezpečnosť platobných kariet. Ponuka Bull pre bankovníctvo: francúzska banková karta BO', SmartEMV, karty pre elektronickú peňaženku. Špeciálne produkty. Elektronický obchod.
Salvato in:
| Natura: | Capitolo di libro |
|---|---|
| Lingua: | slovacco inglese |
| Soggetti: | |
| Tags: |
Nessun Tag, puoi essere il primo ad aggiungerne!!
|
MARC
| LEADER | 00000naa a2200000 4500 | ||
|---|---|---|---|
| 001 | r035150 | ||
| 005 | 20230426112428.7 | ||
| 041 | 0 | |a slo | |
| 041 | 0 | |a eng | |
| 044 | |a SK | ||
| 245 | 1 | 0 | |a Bull a bankové karty |
| 520 | |a Bull a technológia CP8. Rôzne typy bankových kariet. Bezpečnosť platobných kariet. Ponuka Bull pre bankovníctvo: francúzska banková karta BO', SmartEMV, karty pre elektronickú peňaženku. Špeciálne produkty. Elektronický obchod. | ||
| 610 | 2 | 0 | |a karty platobné |
| 610 | 2 | 0 | |a banky |
| 610 | 2 | 0 | |a technológia |
| 610 | 2 | 0 | |a bezpečnosť |
| 610 | 2 | 0 | |a Bull Slovakia, s.r.o. |